Antecedentes de la guerra nacional /

El documento presenta apuntes acerca de la gestión diplomática que precedió y determinó la Guerra Nacional de Costa Rica, siendo la crisis más grave de la nación en la vida independiente, además constituyó un capítulo sobre las relaciones con los demás países centroamericanos, Estados Unidos y algun...

Descrizione completa

Salvato in:
Dettagli Bibliografici
Autore principale: Picado M., Teodoro
Natura: Tesi
Lingua:Spanish
Pubblicazione: San José: Imprenta Nacional 1968
Soggetti:
Tags: Aggiungi Tag
Nessun Tag, puoi essere il primo ad aggiungerne!!

MARC

LEADER 00000 a a2200000 04500
001 17139
003 cru CIDCACS/IIS
005 20230707092450.0
008 230417e1968 cr ||||| |||| 00| 0 spa d
040 |c CRAI-IIS  |d CRAI-IIS 
090 |a 01.02.07 P585a 
100 |a Picado M., Teodoro  
245 |a Antecedentes de la guerra nacional /  |c Teodoro Picado M.  
260 |a San José:   |b Imprenta Nacional   |c 1968 
300 |a 32 páginas  
502 |a Tesis (Licenciado en Derecho) -- Escuela de Derecho - 1922 [Costa Rica], 1968  
520 |a El documento presenta apuntes acerca de la gestión diplomática que precedió y determinó la Guerra Nacional de Costa Rica, siendo la crisis más grave de la nación en la vida independiente, además constituyó un capítulo sobre las relaciones con los demás países centroamericanos, Estados Unidos y algunas naciones europeas. 
650 0 |9 378  |a GUERRA 
650 0 |9 4728  |a CONFLICTOS 
650 0 |9 136  |a HISTORIA 
650 4 |9 2644  |a INDEPENDENCIA 
651 0 |9 32  |a COSTA RICA 
942 |2 ddc  |c LITG 
999 |c 18139  |d 18139